[Event "Hessen-ch Gr-D"]
[Site "Idstein"]
[Date "2009.04.12"]
[Round "5"]
[White "Fischer, Helena"]
[Black "Riebensahm, Lutz"]
[Result "1-0"]
[WhiteElo "1595"]
[BlackElo "1651"]
[PlyCount "41"]
[EventDate "2009.04.10"]
[EventType "swiss"]
[EventRounds "5"]
[EventCountry "GER"]
[SourceTitle "EXT 2010"]
[Source "ChessBase"]
[SourceDate "2010.11.25"]
[SourceVersion "1"]
[SourceVersionDate "2010.11.25"]
[SourceQuality "1"]

1. e4 e5 2. Nf3 Nf6 3. Nc3 Nc6 4. d4 exd4 5. Nxd4 Bb4 6. Bg5 Bxc3+ 7. bxc3 h6 8. Bh4 g5 9. Bg3 Nxe4 10. Nxc6 bxc6 11. Qd4 0-0 12. Bd3 Nxg3 13. hxg3 Re8+ 14. Kd2 Re6 15. Rae1 Qf6 16. Rxe6 Qxe6 17. Re1 c5 18. Qxc5 d6 19. Qd4 Qd7 20. Qf6 Bb7 21. Re7 1-0

[Event "Hessen-ch Gr-D"]
[Site "Idstein"]
[Date "2009.04.11"]
[Round "3"]
[White "Rausch, Wolfgang"]
[Black "Riebensahm, Lutz"]
[Result "0-1"]
[WhiteElo "1730"]
[BlackElo "1651"]
[PlyCount "86"]
[EventDate "2009.04.10"]
[EventType "swiss"]
[EventRounds "5"]
[EventCountry "GER"]
[SourceTitle "EXT 2010"]
[Source "ChessBase"]
[SourceDate "2010.11.25"]
[SourceVersion "1"]
[SourceVersionDate "2010.11.25"]
[SourceQuality "1"]

1. c4 Nf6 2. Nc3 e6 3. d4 d5 4. Nf3 c6 5. Bg5 Be7 6. e3 0-0 7. Bd3 Nbd7 8. 0-0 h6 9. Bf4 Nh7 10. Qc2 f5 11. Ne5 Nxe5 12. Bxe5 Nf6 13. cxd5 cxd5 14. Ne2 Bd6 15. Bxd6 Qxd6 16. f4 Bd7 17. Qb3 b6 18. Rac1 Rac8 19. Ba6 Rc7 20. Rxc7 Qxc7 21. Rc1 Qd8 22. Rc2 Ne4 23. Nc1 Qh4 24. g3 Qg4 25. Be2 Qg6 26. Rc7 Rf6 27. Kg2 h5 28. Rxd7 h4 29. Qc2 Nxg3 30. Rd8+ Kh7 31. Qc8 Nxe2+ 32. Kf2 Qg1+ 33. Kxe2 Qg2+ 34. Kd1 Kg6 35. Qc2 Qg1+ 36. Kd2 Qxh2+ 37. Kd3 Qxc2+ 38. Kxc2 Kh7 39. Ne2 Rg6 40. Kd3 Rg2 41. Rc8 h3 42. Rc1 Kg6 43. Rg1 Rxg1 0-1